00374nam a2200121Ia 4500001000800000005001700008008004100025020001800066245003900084260002000123999002100143952008800164126659420260417145117.0260417s9999 xx 000 0 und d a9789752128675 0aZihnimin ŞifrelericArzu Savaş bAltın Kitaplar c1266594d1266594 00104070a1110b1110d2026-04-17l0p1110226r2026-04-17 14:51:17w2026-04-17yBK